000 00682nam a2200229 a 4500
008
020 _a0201524260 (cased)
049 _aMAIN
090 _aQA433
100 1 _aDanielson, D. A.
245 1 0 _aVectors and tensors in engineering and physics /
_cD. A. Danielson.
260 _aRedwood City, Calif. :
_bAddison-Wesley,
_c1992.
300 _avii, 280 p. :
_bill. ;
_c24 cm.
504 _aIncludes bibliographical references.
500 _aIncludes index.
650 0 _aCalculus of tensors.
907 _a.b10047384
_b16-10-03
_c17-04-03
003
005 20230123133219.0
040 _cNUST
942 _cBOOKS
_kQA433
999 _c144713
_d144713